000 00698nam a2200241 a 4500
008
020 _a0852642547 (pbk.)
049 _aMAIN
090 _aHE333
100 1 _aWells, Gordon Ronald.
245 1 0 _aTraffic engineering :
_ban introduction /
_cGordon Wells.
250 _a2nd ed.
260 _aLondon :
_bCharles Griffin,
_c1979.
300 _aix, 190 p. :
_bill. ;
_c22 cm.
504 _aIncludes bibliographical references : p. 183-185.
500 _aIncludes index.
650 0 _aTraffic engineering.
907 _a.b10053323
_b21-07-03
_c17-04-03
003
005 20230123133228.0
040 _cNUST
942 _cBOOKS
_kHE333
999 _c144975
_d144975